[Event "EU-Cup 34th"]
[Site "Porto Carras"]
[Date "2018.10.12"]
[Round "1.5"]
[White "Stillger, Bernhard"]
[Black "Marino, Danilo"]
[Result "1-0"]
[WhiteElo "2265"]
[BlackElo "1991"]
[PlyCount "53"]
[EventDate "2018.10.12"]
[EventType "team-swiss"]
[EventRounds "7"]
[EventCountry "GRE"]
[SourceTitle "CBM 187"]
[Source "ChessBase"]
[SourceDate "2018.12.11"]
[SourceVersion "1"]
[SourceVersionDate "2018.12.11"]
[SourceQuality "1"]
[WhiteTeam "Eynatten"]
[BlackTeam "Lazio Scacchi"]
[WhiteTeamCountry "BEL"]
[BlackTeamCountry "ITA"]

1. d4 f5 2. Nc3 d5 3. Bf4 Nf6 4. Nb5 Na6 5. e3 c6 6. Nc3 e6 7. Nf3 Be7 8. Bxa6 bxa6 9. 0-0 0-0 10. Ne5 Bb7 11. Na4 Rc8 12. Nc5 Bxc5 13. dxc5 Ne4 14. Nd3 a5 15. f3 Nf6 16. Bd6 Re8 17. Ne5 Ba6 18. Rf2 Rc7 19. Bxc7 Qxc7 20. Qd4 Rb8 21. a3 a4 22. Rd1 Qb7 23. c3 Qb5 24. c4 Qb7 25. cxd5 cxd5 26. Qxa4 Bb5 27. Qd4 1-0